Causa criminal seguida a virtud de querella de los hermanos Colomé contra D. Florencio Saez y Madrazo y D. Venancio Peña y Sainz por simulación de la venta de los potreros Santa Rosa y Regla. (Record no. 43774)

MARC details
000 -LEADER
campo de control de longitud fija 00480nam a2200133 i 4500
001 - NÚMERO DE CONTROL
campo de control 43774
003 - IDENTIFICADOR DE NÚMERO DE CONTROL
campo de control ES-MaACL
005 - FECHA Y HORA DE LA ÚLTIMA TRANSACCIÓN
campo de control 20230906160855.0
007 - CAMPO FIJO DE DESCRIPCIÓN FÍSICA--INFORMACIÓN GENERAL
campo de control de longitud fija t|
008 - DATOS DE LONGITUD FIJA--INFORMACIÓN GENERAL
campo de control de longitud fija 030318s1888 cu ||||1| spa d
245 00 - MENCIÓN DEL TÍTULO
Título Causa criminal seguida a virtud de querella de los hermanos Colomé contra D. Florencio Saez y Madrazo y D. Venancio Peña y Sainz por simulación de la venta de los potreros Santa Rosa y Regla.
260 ## - PUBLICACIÓN, DISTRIBUCIÓN, ETC.
Lugar de publicación, distribución, etc. Habana :
Nombre del editor, distribuidor, etc. [s.n.,
Fecha de publicación, distribución, etc. 1888]
852 ## - LOCALIZACIÓN
Ubicación ES-MaACL
Número de control de estantería T-691-F-2
Holdings
Estatus retirado Estado de pérdida Estado de daño No para préstamo Colección Biblioteca de origen Biblioteca actual Ubicación en estantería Fecha de adquisición Fuente de adquisición Total de préstamos Signatura topográfica completa Código de barras Visto por última vez Precio de reemplazo Tipo de ítem Koha
        Colección de folletos Biblioteca del Ateneo de Madrid Biblioteca del Ateneo de Madrid Depósito folletos 17/01/2008     T-691-F-2 1046078 23/02/2023 23/02/2023 Folleto